000 01106nam a22003017a 4500
001 0000385
003 DO-SdBPM
005 20250514093421.0
007 0000385
008 150817s20uu dr ac spa d
020 _a9945400371
040 _aDO-SdBPM
_bspa
_cBPMSU
082 4 _a372.83
_bH557h
_222
100 1 _aHernández, Ricardo
245 1 0 _aHistoria y geografía dominicana :
_bprimer grado, segundo ciclo del nivel medio /
_cRicardo Hernández, Alejandro Hernández ; ilustración Ramón Sandoval
260 _aSanto Domingo :
_bMinisterio de Educación;
_bActualidad 2000,
_c[200-?].
300 _a208 p :
_bil. retrs. ;
_c28 cm.
500 _aProhibida su venta. Propiedad del Ministerio de Educación.
504 _aBiografía p: 208
590 _aInventariado, 2025/VM
650 4 _aEducación secundaria
_zRepública Dominicana
651 4 _aRepública Dominicana
_xGeografía.
651 4 _aRepública Dominicana
_xHistoria
700 1 _aHernández Grullón, Alejandro
700 1 _aSandoval, Ramón
_eil.
910 _aVMateo V. Control de calidad BPMSU
942 _2ddc
_cBK
999 _c13178
_d13178